Sports Quiz

Random Sports or Clickable Quiz

Which Sport Do They Play? Quiz Stats

 Plays Quiz not verified by Sporcle

Challenge
Share
Tweet
Embed
Score 0/60 Timer 06:00
0 Plays Today
% Correct
Soccer
98.2%
Basketball
98.2%
Tennis
98.2%
Soccer
96.4%
Soccer
96.4%
Soccer
96.4%
Football
96.4%
Basketball
96.4%
Basketball
96.4%
Baseball
96.4%
Hockey
96.4%
Tennis
96.4%
Tennis
96.4%
Tennis
96.4%
Basketball
94.5%
Basketball
94.5%
Hockey
94.5%
Tennis
94.5%
Tennis
94.5%
Tennis
94.5%
Soccer
92.7%
Basketball
92.7%
Basketball
92.7%
Hockey
92.7%
Soccer
90.9%
Soccer
90.9%
Football
90.9%
Football
90.9%
Football
90.9%
Baseball
90.9%
% Correct
Tennis
90.9%
Tennis
90.9%
Soccer
89.1%
Soccer
89.1%
Baseball
89.1%
Tennis
89.1%
Football
87.3%
Football
87.3%
Basketball
87.3%
Basketball
87.3%
Hockey
87.3%
Football
85.5%
Football
85.5%
Basketball
85.5%
Soccer
81.8%
Baseball
81.8%
Baseball
81.8%
Hockey
81.8%
Baseball
78.2%
Baseball
78.2%
Football
76.4%
Hockey
76.4%
Hockey
76.4%
Football
74.5%
Hockey
74.5%
Baseball
72.7%
Hockey
72.7%
Hockey
72.7%
Baseball
70.9%
Baseball
69.1%

You're not logged in!

Compare scores with friends on all Sporcle quizzes.
Join for Free
OR
Log In

You Might Also Like...

Show Comments

Extras

Created Jul 12, 2014ReportNominate
Tags:Clickable Quiz, Play Quiz

Top Quizzes Today


Score Distribution

Your Account Isn't Verified!

In order to create a playlist on Sporcle, you need to verify the email address you used during registration. Go to your Sporcle Settings to finish the process.

Report this User

Report this user for behavior that violates our Community Guidelines.

Details: